| 000 | 01376nam0a22003491 4500 | ||
|---|---|---|---|
| 001 | rc\214414 | ||
| 005 | 20260412063457.0 | ||
| 010 |
_a5-206-00462-6 _bв пер. _dб.ц. _950000 |
||
| 021 |
_aRU _b95-11435 |
||
| 035 | _a(NLR Aleph) 005463459 | ||
| 090 |
_a4977736 _c4977736 |
||
| 100 | _a20030307d1995 |||y0rusy50 ca | ||
| 101 | 0 | _arus | |
| 102 | _aRU | ||
| 105 | _aac z|||||||b | ||
| 200 | 1 |
_aМаршал Жуков _fН.Н. Яковлев |
|
| 205 | _a[2-е изд., доп. и перераб.] | ||
| 210 |
_aМосква _cИзвестия _d1995 |
||
| 215 |
_a286, [2] с., [8] л. ил. _cпортр. _d27 |
||
| 300 | _aПосвящается 50-летию Победы | ||
| 600 | 1 |
_aЖуков _bГ. К. _f1896 - 1974 _gГеоргий Константинович _91320557 _3RU\NLR\AUTH\66232715 |
|
| 686 | 1 | _aЦ35(2)722-424дЖуков | |
| 686 | 1 | _aТ3(2)722.788Жуков Г.К. | |
| 700 | 1 |
_7ca _8rus _aЯковлев _bН. Н. _cпублицист _f1927-1996 _gНиколай Николаевич _919997 _3RU\NLR\AUTH\7737008 |
|
| 702 | 1 |
_4570 _7ca _8rus _aЖуков _bГ. К. _cполководец _f1896-1974 _gГеоргий Константинович _924736 _3RU\NLR\AUTH\7741788 |
|
| 801 | 0 |
_aRU _bNLR _gpsbo |
|
| 801 | 1 |
_aRU _bELAR _2rusmarc |
|
| 801 | 2 |
_aRU _bNLR _c20150410 _2rusmarc |
|
| 852 |
_aNLR _j95-7/548 |
||
| 942 | _cBOOK | ||
| 980 | _aNB | ||